Online katalóg knižníc regiónu Turca

Rozhovor (Record no. 20708)

MARC details
000 -LEADER
fixed length control field 01882cam a2200517 a 4500
001 - CONTROL NUMBER
control field 20708
003 - CONTROL NUMBER IDENTIFIER
control field VRT
005 - DATE AND TIME OF LATEST TRANSACTION
control field 20260130114457.0
008 - FIXED-LENGTH DATA ELEMENTS--GENERAL INFORMATION
fixed length control field 240621s1996 xo g 0000f slo
015 ## - NATIONAL BIBLIOGRAPHY NUMBER
National bibliography number SNBA1997/0702073
020 ## - INTERNATIONAL STANDARD BOOK NUMBER
International Standard Book Number 8022007099
035 ## - SYSTEM CONTROL NUMBER
System control number SNK000168983
035 ## - SYSTEM CONTROL NUMBER
System control number urn:nbn:sk:snk-amk5dr
035 ## - SYSTEM CONTROL NUMBER
System control number urn:nbn:sk:snk-am00557q
035 ## - SYSTEM CONTROL NUMBER
System control number 5425B04A-937A-4E3E-B8F9-EC98F54C42EC
039 #9 - LEVEL OF BIBLIOGRAPHIC CONTROL AND CODING DETAIL [OBSOLETE]
Level of rules in bibliographic description 202406261141
Level of effort used to assign nonsubject heading access points msnk176
Level of effort used to assign subject headings 202406211114
Level of effort used to assign classification VLOAD
Level of effort used to assign subject headings 202406200852
Level of effort used to assign classification VLOAD
Level of effort used to assign subject headings 202403131649
Level of effort used to assign classification VLOAD
040 ## - CATALOGING SOURCE
Original cataloging agency SNK
Language of cataloging slo
Transcribing agency SNK
Description conventions AACR2
041 1# - LANGUAGE CODE
Language code of text/sound track or separate title slo
Language code of original eng
044 ## - COUNTRY OF PUBLISHING/PRODUCING ENTITY CODE
MARC country code xo
ISO country code SK
072 #7 - SUBJECT CATEGORY CODE
Subject category code 821.111(73)-3
Subject category code subdivision Americká próza
Source konspekt
080 ## - UNIVERSAL DECIMAL CLASSIFICATION NUMBER
Universal Decimal Classification number 820 (73)-3
Edition identifier 1981
080 ## - UNIVERSAL DECIMAL CLASSIFICATION NUMBER
Universal Decimal Classification number 821.111(73)-31
Edition identifier 2011
080 ## - UNIVERSAL DECIMAL CLASSIFICATION NUMBER
Universal Decimal Classification number (0:82-312.4)
Edition identifier 2011
100 1# - MAIN ENTRY--PERSONAL NAME
Personal name Hunter, Evan,
Dates associated with a name 1926-2005
Relationship aut
240 10 - UNIFORM TITLE
Uniform title Criminal conversation
Language of a work Slovensky
245 10 - TITLE STATEMENT
Title Rozhovor
Statement of responsibility, etc. Evan Hunter ; z anglického originálu preložila Katarína Jusková
260 ## - PUBLICATION, DISTRIBUTION, ETC.
Place of publication, distribution, etc. Bratislava
Name of publisher, distributor, etc. Slovenský spisovateľ
Date of publication, distribution, etc. c1996
300 ## - PHYSICAL DESCRIPTION
Extent 287 s.
Dimensions 21 cm
490 1# - SERIES STATEMENT
Series statement Zelená knižnica
500 ## - GENERAL NOTE
General note Údaj o prekl. prevzatý z rubu tit. strany
655 #7 - INDEX TERM--GENRE/FORM
Genre/form data or focus term American novels
Source of term SNKPHeng
655 #7 - INDEX TERM--GENRE/FORM
Genre/form data or focus term detektívne romány
Source of term SNKPH
655 #7 - INDEX TERM--GENRE/FORM
Genre/form data or focus term americké romány
Source of term SNKPH
655 #7 - INDEX TERM--GENRE/FORM
Genre/form data or focus term Detective novels
Source of term SNKPHeng
700 1# - ADDED ENTRY--PERSONAL NAME
Personal name Jusková, Katarína,
Dates associated with a name 1947-
Relationship trl
830 #0 - SERIES ADDED ENTRY--UNIFORM TITLE
Uniform title Zelená knižnica
911 ## - EQUIVALENCE OR CROSS-REFERENCE-CONFERENCE OR MEETING NAME [LOCAL, CANADA]
Meeting name or jurisdiction name as entry element KN 1997/07
Number [OBSOLETE] 02073
942 ## - ADDED ENTRY ELEMENTS (KOHA)
Source of classification or shelving scheme Dewey Decimal Classification
Koha item type Krásna literatúra pre dospelých
Suppress in OPAC No
949 ## - LOCAL PROCESSING INFORMATION (OCLC)
6 270001000046012
a svkbbA 91951
p 604.491
949 ## - LOCAL PROCESSING INFORMATION (OCLC)
9 P60, <09>, [BOOK], {629}
a snkC 3072
b snk4018/961118
949 ## - LOCAL PROCESSING INFORMATION (OCLC)
6 17A0017352
9 P60, <03>, [BOOK], {603}
a snkSC 91693
b snkKSP 9843/96
s 6100:20140925
949 ## - LOCAL PROCESSING INFORMATION (OCLC)
6 17A0017353
9 P60, <05>, [BOOK], {605}
a snkSC 91693 D1
b snkKSP 9844/96
949 ## - LOCAL PROCESSING INFORMATION (OCLC)
6 273K0229393
a svkpoA 168525
b svkpo418965
Holdings
Stav vyradenia Strata Poškodenie Spôsob nadobudnutia Domovská knižnica Aktuálna knižnica Dátum nadobudnutia Total checkouts Čiarový kód exemplára Date last seen Typ exemplára
      Dar Obecná knižnica Horná Štubňa Obecná knižnica Horná Štubňa 30.01.2026   9788022007092 30.01.2026 Krásna literatúra pre dospelých
Projekt je podporený Slovenskou asociáciou knižníc
Prevádzkuje Turčianska knižnica Martin 2026